[Event "Titled Tuesday intern op 16th Apr Late"]
[Site "Chess.com INT"]
[Date "2024.04.16"]
[Round "6"]
[White "Pinero Rodriguez, Carlos Jose"]
[Black "Liu, Yi"]
[Result "1-0"]
[WhiteElo "2284"]
[BlackElo "2271"]
[PlyCount "101"]
[EventDate "2024.04.16"]
[EventType "swiss (blitz)"]
[EventRounds "11"]
[EventCountry "USA"]
[SourceTitle "CB17_2024"]
[SourceDate "2024.04.24"]
[SourceVersion "1"]
[SourceVersionDate "2024.04.24"]
[SourceQuality "1"]

1. e4 e6 2. d4 d5 3. e5 c5 4. c3 Nc6 5. Nf3 Qb6 6. a3 c4 7. Nbd2 Na5 8. g3 Bd7 9. Bg2 Ne7 10. 0-0 Nc8 11. h4 Qc7 12. h5 Nb6 13. Nh2 0-0-0 14. Qe2 g6 15. Ng4 gxh5 16. Nf6 h4 17. gxh4 Ba4 18. Nf3 Nb3 19. Rb1 Nxc1 20. Rbxc1 Nd7 21. Nxd7 Qxd7 22. Ng5 h6 23. Nf3 Rg8 24. Kh2 Be7 25. Bh3 Rg7 26. Rg1 Rdg8 27. Rxg7 Rxg7 28. Rg1 Rxg1 29. Kxg1 Qe8 30. Kh2 Qg8 31. Qe3 Qg6 32. Qf4 Bc2 33. Ne1 Be4 34. f3 Bb1 35. Qg3 b5 36. Qxg6 Bxg6 37. Ng2 a5 38. Kg3 Kc7 39. f4 b4 40. axb4 axb4 41. f5 Bxf5 42. Bxf5 exf5 43. Ne3 Kc6 44. Nxf5 bxc3 45. bxc3 Bb4 46. cxb4 c3 47. Ne3 Kb5 48. Nc2 Kc4 49. Kf3 Kb3 50. Ne3 Kxb4 51. Nxd5+ 1-0

[Event "Titled Tuesday intern op 12th Mar Late"]
[Site "Chess.com INT"]
[Date "2024.03.12"]
[Round "5"]
[White "Aranda, Juan Manuel"]
[Black "Liu, Yi"]
[Result "0-1"]
[WhiteElo "2102"]
[BlackElo "2278"]
[PlyCount "98"]
[EventDate "2024.03.12"]
[EventType "swiss (blitz)"]
[EventRounds "11"]
[EventCountry "USA"]
[SourceTitle "CB12_2024"]
[SourceDate "2023.10.01"]
[SourceVersion "1"]
[SourceVersionDate "2023.10.01"]
[SourceQuality "1"]

1. Nf3 d5 2. g3 Nf6 3. Bg2 Nc6 4. 0-0 e5 5. d3 Be7 6. c4 d4 7. e3 0-0 8. exd4 exd4 9. Re1 Re8 10. Bf4 Bf5 11. Na3 Qd7 12. Nb5 Rac8 13. Ne5 Nxe5 14. Rxe5 c6 15. Nxd4 Qxd4 16. Rxf5 Rcd8 17. Be3 Qxb2 18. Rb1 Qxa2 19. Rxb7 Qxc4 20. d4 Bc5 21. Bxc6 Re6 22. Bb5 Qc3 23. d5 Rxe3 24. fxe3 Qxe3+ 25. Kg2 Qe4+ 26. Qf3 Qc2+ 27. Kh3 Bb6 28. Rxf6 gxf6 29. Bd3 Qc8+ 30. Bf5 Qxb7 31. Qh5 Kf8 32. Qxh7 Ke7 33. Be4 Qc7 34. Bg6 Rf8 35. Be4 Qe5 36. Qh4 Bd4 37. Bf3 Kd6 38. Kg2 f5 39. Qh6+ Ke7 40. Qc1 Qe3 41. Qa3+ Kf6 42. Qd6+ Kg7 43. Qd7 Qf2+ 44. Kh3 Qxf3 45. d6 Qg4+ 46. Kg2 Qe2+ 47. Kh3 Qf1+ 48. Kh4 Rh8+ 49. Kg5 Bf6# 0-1

[Event "Titled Tuesday intern op 12th Mar Late"]
[Site "Chess.com INT"]
[Date "2024.03.12"]
[Round "3"]
[White "Czopor, Maciej"]
[Black "Liu, Yi"]
[Result "1-0"]
[WhiteElo "2359"]
[BlackElo "2278"]
[PlyCount "57"]
[EventDate "2024.03.12"]
[EventType "swiss (blitz)"]
[EventRounds "11"]
[EventCountry "USA"]
[SourceTitle "CB12_2024"]
[SourceDate "2023.10.01"]
[SourceVersion "1"]
[SourceVersionDate "2023.10.01"]
[SourceQuality "1"]

1. c4 e6 2. Nc3 d5 3. e3 Nf6 4. b3 Be7 5. Bb2 0-0 6. g4 d4 7. exd4 Qxd4 8. h3 Ne4 9. Qe2 Bh4 10. Qxe4 Bxf2+ 11. Kd1 Bxg1 12. Qg2 Be3 13. Kc2 Bg5 14. h4 Bd8 15. g5 Nc6 16. Re1 e5 17. Nd5 Bf5+ 18. Kc1 Qc5 19. h5 Qa5 20. a3 Nd4 21. Bxd4 exd4 22. Kb2 c6 23. Nf6+ Kh8 24. Qf2 gxf6 25. b4 Qc7 26. Qxf5 fxg5 27. Bd3 f6 28. Re6 Qf4 29. Qxh7# 1-0

[Event "Titled Tuesday intern op 12th Mar Late"]
[Site "Chess.com INT"]
[Date "2024.03.12"]
[Round "10"]
[White "Liu, Yi"]
[Black "Carrasco Miranda, Andres"]
[Result "1-0"]
[WhiteElo "2278"]
[BlackElo "2247"]
[PlyCount "95"]
[EventDate "2024.03.12"]
[EventType "swiss (blitz)"]
[EventRounds "11"]
[EventCountry "USA"]
[SourceTitle "CB12_2024"]
[SourceDate "2023.10.01"]
[SourceVersion "1"]
[SourceVersionDate "2023.10.01"]
[SourceQuality "1"]

1. d4 Nf6 2. Nc3 d5 3. Bf4 g6 4. e3 Bg7 5. h4 c5 6. Nb5 Na6 7. c3 0-0 8. h5 Nxh5 9. Rxh5 gxh5 10. Qxh5 cxd4 11. exd4 f6 12. Bd3 f5 13. Nf3 Qe8 14. Qh2 Qg6 15. 0-0-0 Bd7 16. Rh1 Rac8 17. Ne5 Bxe5 18. Bxe5 Nb4 19. Be2 Bxb5 20. Bxb5 f4 21. Ba4 Nd3+ 22. Kd2 Nxf2 23. Bc2 Ne4+ 24. Kc1 Rf5 25. Qh4 Re8 26. Bxf4 Ref8 27. g3 h5 28. Qxe7 Nxg3 29. Re1 h4 30. Be5 Qg5+ 31. Qxg5+ Rxg5 32. Bb3 Rf1 33. Bxd5+ Kh7 34. Bxg3 hxg3 35. Rxf1 Rxd5 36. Rg1 Rg5 37. Kd2 Kh6 38. Ke3 Kh5 39. Kf4 Rg4+ 40. Kf3 Kh4 41. Rh1+ Kg5 42. Rh8 Kf5 43. Rf8+ Ke6 44. Kxg4 g2 45. Re8+ Kd5 46. Re1 Kc4 47. Rg1 Kd3 48. Rxg2 1-0

[Event "AUS-ch"]
[Site "Adelaide"]
[Date "2024.01.09"]
[Round "9"]
[White "Liu, Yi"]
[Black "Tao, Trevor"]
[Result "1-0"]
[WhiteElo "2260"]
[BlackElo "2364"]
[PlyCount "121"]
[EventDate "2024.01.02"]
[EventType "swiss"]
[EventRounds "11"]
[EventCountry "AUS"]
[SourceTitle "CB03_2024"]
[SourceDate "2024.01.17"]
[SourceVersion "1"]
[SourceVersionDate "2024.01.17"]
[SourceQuality "1"]

1. d4 Nf6 2. Nf3 e6 3. Bf4 b6 4. e3 Bb7 5. Nbd2 Be7 6. h3 0-0 7. Bd3 d5 8. Ne5 Ne4 9. Nxe4 dxe4 10. Be2 Bd6 11. 0-0 Nd7 12. a4 a5 13. c3 Bxe5 14. dxe5 Nc5 15. Qc2 Qe7 16. Rfd1 Bd5 17. Ra3 Rfd8 18. Rd4 h6 19. Bg3 Rac8 20. h4 Nd7 21. h5 Kh8 22. Ra1 Nc5 23. b4 Nd7 24. Rxe4 Bxe4 25. Qxe4 f6 26. Bh4 Qf7 27. f4 Nf8 28. exf6 gxf6 29. Rb1 Rd2 30. Bf3 Rcd8 31. bxa5 bxa5 32. Rb5 R8d5 33. c4 Rxb5 34. cxb5 Ra2 35. Kh2 Kg7 36. Be1 Nd7 37. Qc4 Ra1 38. Bxa5 Nb6 39. Bxb6 cxb6 40. Qd4 Ra3 41. Qxb6 Rxa4 42. Qd6 Ra7 43. b6 Rd7 44. Qc6 Rd8 45. b7 Qe7 46. Kh3 Kf7 47. g4 Kg7 48. Qc8 Qd6 49. Qc2 Kh8 50. Qg6 Qf8 51. Bc6 Rb8 52. Kg3 Qg7 53. Kf3 Qf8 54. Ke2 Rd8 55. Be4 Qg7 56. Qxg7+ Kxg7 57. Bc6 Rb8 58. Kd3 Kf7 59. Kc4 Ke7 60. Kc5 Rd8 61. Bb5 1-0

[Event "AUS-ch"]
[Site "Adelaide"]
[Date "2024.01.05"]
[Round "6"]
[White "Sardana, Rishi"]
[Black "Liu, Yi"]
[Result "1-0"]
[WhiteElo "2470"]
[BlackElo "2260"]
[PlyCount "107"]
[EventDate "2024.01.02"]
[EventType "swiss"]
[EventRounds "11"]
[EventCountry "AUS"]
[SourceTitle "CB03_2024"]
[SourceDate "2024.01.17"]
[SourceVersion "1"]
[SourceVersionDate "2024.01.17"]
[SourceQuality "1"]

1. e4 e6 2. d4 d5 3. e5 c5 4. c3 Nc6 5. Nf3 Qb6 6. a3 c4 7. Nbd2 Na5 8. Rb1 Bd7 9. h4 Qc7 10. Be2 Ne7 11. 0-0 0-0-0 12. Ng5 Be8 13. b4 cxb3 14. Nxb3 Nxb3 15. Qxb3 h6 16. Nf3 Nc6 17. Be3 Na5 18. Qa2 Kb8 19. Rfc1 Bc6 20. Nd2 Qd7 21. a4 Be7 22. g3 Rc8 23. Bb5 Rc7 24. Bxc6 Rxc6 25. c4 Nxc4 26. Nxc4 dxc4 27. Rxc4 Qd5 28. Rbc1 Rhc8 29. Rxc6 Rxc6 30. Qxd5 Rxc1+ 31. Bxc1 exd5 32. f4 b5 33. axb5 Kb7 34. f5 Kb6 35. f6 gxf6 36. Bxh6 Kxb5 37. h5 a5 38. Bc1 a4 39. h6 Bf8 40. exf6 Bxh6 41. Bxh6 a3 42. Bc1 a2 43. Bb2 Kc4 44. g4 Kb3 45. Ba1 Kc2 46. g5 Kb1 47. Bc3 Kc2 48. Ba1 Kb1 49. g6 Kxa1 50. gxf7 Kb2 51. f8Q a1Q+ 52. Kg2 Qd1 53. Qb8+ Kc2 54. Qf4 1-0

[Event "Hanoi GM 11"]
[Site "Hanoi"]
[Date "2023.12.02"]
[Round "6"]
[White "Bui, Vinh"]
[Black "Liu, Yi"]
[Result "1/2-1/2"]
[WhiteElo "2390"]
[BlackElo "2333"]
[PlyCount "49"]
[EventDate "2023.11.29"]
[EventType "tourn"]
[EventRounds "9"]
[EventCountry "VIE"]
[EventCategory "6"]
[SourceTitle "CB50_2023"]
[SourceDate "2023.12.13"]
[SourceVersion "1"]
[SourceVersionDate "2023.12.13"]
[SourceQuality "1"]

1. d4 d5 2. Nf3 Nf6 3. Bg5 e6 4. e3 Be7 5. Nbd2 0-0 6. Bd3 b6 7. 0-0 h6 8. Bh4 Nbd7 9. Ne5 Nxe5 10. dxe5 Nd7 11. Bg3 Nc5 12. Be2 a5 13. Nf3 Ne4 14. Nd4 a4 15. Nc6 Qe8 16. Nxe7+ Qxe7 17. a3 Nxg3 18. hxg3 Qg5 19. Qd4 c5 20. Qf4 Ba6 21. Bxa6 Rxa6 22. Qxg5 hxg5 23. f4 b5 24. Kf2 f6 25. Ke2 1/2-1/2

[Event "Gold Coast op"]
[Site "Gold Coast"]
[Date "2023.07.09"]
[Round "9"]
[White "Liu, Yi"]
[Black "Bassig, Hamish"]
[Result "1-0"]
[WhiteElo "2267"]
[BlackElo "2085"]
[PlyCount "43"]
[EventDate "2023.07.05"]
[EventType "swiss"]
[EventRounds "9"]
[EventCountry "AUS"]
[SourceTitle "CBM 215 Extra"]
[Source "ChessBase"]
[SourceDate "2023.09.30"]
[SourceVersion "1"]
[SourceVersionDate "2023.09.30"]
[SourceQuality "1"]

1. d4 d5 2. Nf3 Nf6 3. a3 Bf5 4. c4 e6 5. Qb3 dxc4 6. Qxb7 Nbd7 7. Nc3 c5 8. Bf4 Be7 9. e4 e5 10. Nxe5 Rb8 11. Qa6 Nxe5 12. Bxe5 cxd4 13. 0-0-0 Rb6 14. Qxa7 Nxe4 15. Nxe4 Bxe4 16. Rxd4 Bg5+ 17. Kd1 0-0 18. Rxd8 Rxd8+ 19. Ke2 Rd2+ 20. Ke1 Re6 21. f4 Rxe5 22. Qb8+ 1-0

[Event "Gold Coast op"]
[Site "Gold Coast"]
[Date "2023.07.08"]
[Round "7"]
[White "Liu, Yi"]
[Black "Morris, James"]
[Result "1/2-1/2"]
[WhiteElo "2267"]
[BlackElo "2457"]
[PlyCount "116"]
[EventDate "2023.07.05"]
[EventType "swiss"]
[EventRounds "9"]
[EventCountry "AUS"]
[SourceTitle "CBM 215 Extra"]
[Source "ChessBase"]
[SourceDate "2023.09.30"]
[SourceVersion "1"]
[SourceVersionDate "2023.09.30"]
[SourceQuality "1"]

1. d4 Nf6 2. Nf3 e6 3. c4 c5 4. d5 exd5 5. cxd5 d6 6. Nc3 g6 7. Bf4 Bg7 8. e3 0-0 9. Be2 a6 10. a4 Nh5 11. Bg5 f6 12. Bh4 g5 13. Nd2 gxh4 14. Bxh5 Nd7 15. f4 f5 16. Nc4 Nb6 17. Be2 Nxc4 18. Bxc4 Qa5 19. Kf2 Bd7 20. Qd3 Rae8 21. Ra3 Re7 22. Re1 Rfe8 23. Re2 Bf6 24. Qc2 Bg7 25. Bd3 Rf8 26. Nb1 Qb4 27. a5 Rfe8 28. g3 hxg3+ 29. hxg3 Bb5 30. Bxf5 Bxe2 31. Kxe2 Qb5+ 32. Kf2 c4 33. Be6+ Rxe6 34. dxe6 Rxe6 35. Nd2 Qxb2 36. Ra2 Qxc2 37. Rxc2 d5 38. Nf3 b5 39. axb6 Rxb6 40. Ke2 a5 41. e4 dxe4 42. Nd2 a4 43. Nxc4 Ra6 44. Ra2 Bd4 45. Rd2 Bc5 46. Rd8+ Kg7 47. Re8 a3 48. Nxa3 Rxa3 49. Rxe4 Rxg3 50. Re5 Bd6 51. Rg5+ Rxg5 52. fxg5 Kg6 53. Kf3 Kf5 54. Kg2 Kg4 55. Kh1 Kf3 56. Kg1 Bc5+ 57. Kh1 Kg3 58. g6 hxg6 1/2-1/2

[Event "Gold Coast op"]
[Site "Gold Coast"]
[Date "2023.07.06"]
[Round "3"]
[White "Lee, Lachlan"]
[Black "Liu, Yi"]
[Result "0-1"]
[WhiteElo "1947"]
[BlackElo "2267"]
[PlyCount "76"]
[EventDate "2023.07.05"]
[EventType "swiss"]
[EventRounds "9"]
[EventCountry "AUS"]
[SourceTitle "CBM 215 Extra"]
[Source "ChessBase"]
[SourceDate "2023.09.30"]
[SourceVersion "1"]
[SourceVersionDate "2023.09.30"]
[SourceQuality "1"]

1. c4 e6 2. Nc3 d5 3. e3 c6 4. Nf3 Bd6 5. Qc2 Nf6 6. b3 0-0 7. Bb2 e5 8. cxd5 cxd5 9. Nb5 Nc6 10. Nxd6 Qxd6 11. Bb5 Nb4 12. Qc1 Bf5 13. Bxe5 Qb6 14. Nd4 Rac8 15. Qd1 Bd3 16. a3 Bxb5 17. axb4 Nd7 18. Nxb5 Nxe5 19. Qe2 a6 20. Nc3 Rfd8 21. f4 Nc6 22. b5 Nd4 23. Qd3 Nxb3 24. Rb1 d4 25. Na4 Qxb5 26. Qxb5 axb5 27. Nb6 Rc2 28. exd4 Nxd2 29. Ra1 Nb3 30. Rd1 Rd6 31. d5 Rxb6 32. d6 Rc8 33. Kf2 Rd8 34. d7 Nc5 35. Rd5 Ne4+ 36. Kf3 Nd6 37. Re1 Kf8 38. Rh5 h6 0-1

[Event "Hanoi IM-B"]
[Site "Hanoi"]
[Date "2023.06.03"]
[Round "9"]
[White "Tran, Dang Minh Quang"]
[Black "Liu, Yi"]
[Result "1-0"]
[WhiteElo "2185"]
[BlackElo "2272"]
[PlyCount "81"]
[EventDate "2023.05.30"]
[EventType "tourn"]
[EventRounds "9"]
[EventCountry "VIE"]
[SourceTitle "EXT 2024"]
[Source "ChessBase"]
[SourceDate "2023.10.10"]
[SourceVersion "1"]
[SourceVersionDate "2023.10.10"]
[SourceQuality "1"]

1. d4 d5 2. Bf4 c5 3. e3 Nc6 4. Nf3 Nf6 5. Nbd2 Nh5 6. dxc5 Nxf4 7. exf4 g6 8. c3 Bg7 9. Bb5 0-0 10. 0-0 Qc7 11. Qe2 Qxf4 12. Bxc6 bxc6 13. Qxe7 Bf6 14. Qe3 Qxe3 15. fxe3 Rb8 16. Nb3 Kg7 17. Nfd4 Bd7 18. Rf2 Bg5 19. Re2 Rfe8 20. Kf2 Bd8 21. a4 a5 22. Nc1 h5 23. Nd3 Re4 24. Rae1 Bf6 25. g3 h4 26. Kg2 Rbe8 27. Nf2 R4e7 28. Kf3 Bc8 29. b4 Ba6 30. Nxc6 Bxe2+ 31. Rxe2 Re6 32. b5 Bxc3 33. Nd1 d4 34. Nxc3 dxc3 35. Nd4 Rf6+ 36. Kg2 Re5 37. c6 Rc5 38. Rc2 Rc4 39. Ne2 h3+ 40. Kxh3 Rf2 41. Rxc3 1-0

[Event "Hanoi IM-B"]
[Site "Hanoi"]
[Date "2023.05.31"]
[Round "4"]
[White "Chernyavsky, Alexander"]
[Black "Liu, Yi"]
[Result "0-1"]
[WhiteElo "2339"]
[BlackElo "2272"]
[PlyCount "76"]
[EventDate "2023.05.30"]
[EventType "tourn"]
[EventRounds "9"]
[EventCountry "VIE"]
[SourceTitle "EXT 2024"]
[Source "ChessBase"]
[SourceDate "2023.10.10"]
[SourceVersion "1"]
[SourceVersionDate "2023.10.10"]
[SourceQuality "1"]

1. c4 e6 2. d4 d5 3. Nc3 c6 4. Nf3 dxc4 5. g3 b5 6. Bg2 Bb7 7. 0-0 Nf6 8. e4 Be7 9. a4 a6 10. b3 b4 11. e5 Nd5 12. Ne4 c3 13. Bg5 0-0 14. a5 Nd7 15. Bxe7 Qxe7 16. Qd3 c5 17. Nd6 Rfb8 18. dxc5 Nxc5 19. Qc4 Nd7 20. Qe2 Ra7 21. Nd4 Ba8 22. f4 Rd8 23. Bh3 g6 24. Nxf7 Kxf7 25. Nxe6 Re8 26. f5 Kg8 27. Rae1 gxf5 28. Rxf5 Nf8 29. Rg5+ Kh8 30. Rg7 Qxe6 31. Bxe6 Rxg7 32. Bxd5 Bxd5 33. Qxa6 c2 34. Qd6 Rd7 35. Qxb4 Be6 36. Qb5 Rd1 37. Qxe8 Rxe1+ 38. Kf2 Rf1+ 0-1

[Event "Hanoi IM-B"]
[Site "Hanoi"]
[Date "2023.05.31"]
[Round "3"]
[White "Liu, Yi"]
[Black "Hemant, Sharma"]
[Result "1/2-1/2"]
[WhiteElo "2272"]
[BlackElo "2374"]
[PlyCount "100"]
[EventDate "2023.05.30"]
[EventType "tourn"]
[EventRounds "9"]
[EventCountry "VIE"]
[SourceTitle "EXT 2024"]
[Source "ChessBase"]
[SourceDate "2023.10.10"]
[SourceVersion "1"]
[SourceVersionDate "2023.10.10"]
[SourceQuality "1"]

1. d4 Nf6 2. Nc3 d5 3. Bf4 e6 4. Nb5 Na6 5. e3 c6 6. Nc3 Qa5 7. a3 Ne4 8. Nge2 Be7 9. b4 Nxc3 10. Nxc3 Qd8 11. Qf3 0-0 12. Bd3 Nc7 13. 0-0 Ne8 14. e4 dxe4 15. Nxe4 f5 16. Nc5 Qxd4 17. Rae1 Bd6 18. Bxd6 Qxd6 19. Bc4 Nc7 20. Qe3 Re8 21. Qe5 Qxe5 22. Rxe5 g6 23. Rfe1 Kf7 24. g4 b6 25. Nd3 Ba6 26. Bxa6 Nxa6 27. R5e3 c5 28. Ne5+ Kg7 29. b5 Nc7 30. c4 Red8 31. Nc6 Rd7 32. a4 fxg4 33. R1e2 a6 34. a5 axb5 35. axb6 Ra1+ 36. Kg2 bxc4 37. bxc7 Rxc7 38. Ne5 h5 39. Nxc4 Rd7 40. Rxe6 Rdd1 41. f4 Rg1+ 42. Kf2 Raf1+ 43. Ke3 Rf3+ 44. Ke4 Rgf1 45. Ne5 Rxf4+ 46. Kd5 Rd1+ 47. Kxc5 Rc1+ 48. Kd5 Rd1+ 49. Kc6 Rc1+ 50. Kd5 Rd1+ 1/2-1/2

[Event "Hanoi IM-B"]
[Site "Hanoi"]
[Date "2023.05.30"]
[Round "2"]
[White "Chia, Yu Zhe Ashton"]
[Black "Liu, Yi"]
[Result "1-0"]
[WhiteElo "2191"]
[BlackElo "2272"]
[PlyCount "51"]
[EventDate "2023.05.30"]
[EventType "tourn"]
[EventRounds "9"]
[EventCountry "VIE"]
[SourceTitle "EXT 2024"]
[Source "ChessBase"]
[SourceDate "2023.10.10"]
[SourceVersion "1"]
[SourceVersionDate "2023.10.10"]
[SourceQuality "1"]

1. e4 e6 2. d4 d5 3. Nc3 Nf6 4. Bg5 Bb4 5. e5 h6 6. Bc1 Ne4 7. Qg4 Kf8 8. Nge2 c5 9. a3 Qa5 10. axb4 Qxa1 11. Nxe4 dxe4 12. Qxe4 Bd7 13. bxc5 Bc6 14. Qe3 Na6 15. c3 Nc7 16. Nf4 Nd5 17. Nxd5 Bxd5 18. f3 b6 19. Bd3 Ke7 20. c4 Bb7 21. 0-0 bxc5 22. d5 Rhc8 23. d6+ Ke8 24. f4 Kd7 25. f5 Kc6 26. Be4+ 1-0

[Event "Hanoi GM"]
[Site "Hanoi"]
[Date "2023.05.24"]
[Round "6"]
[White "Liu, Yi"]
[Black "Siddharth, Jagadeesh"]
[Result "0-1"]
[WhiteElo "2272"]
[BlackElo "2381"]
[PlyCount "44"]
[EventDate "2023.05.22"]
[EventType "schev"]
[EventRounds "9"]
[EventCountry "VIE"]
[SourceTitle "CBM 214 Extra"]
[Source "ChessBase"]
[SourceDate "2023.07.31"]
[SourceVersion "1"]
[SourceVersionDate "2023.07.31"]
[SourceQuality "1"]

1. d4 Nf6 2. Bf4 g6 3. Nc3 d5 4. e3 Bg7 5. Nb5 Na6 6. Nc3 0-0 7. Bxa6 bxa6 8. Be5 Rb8 9. b3 Re8 10. Nge2 Bf8 11. Nf4 e6 12. Nd3 Ne4 13. Nxe4 dxe4 14. Nc5 f6 15. Bg3 e5 16. Qd2 f5 17. Qc3 f4 18. exf4 Qxd4 19. Qxd4 exd4 20. Na4 Bd7 21. 0-0 Bxa4 22. bxa4 Rb2 0-1

[Event "Hanoi GM"]
[Site "Hanoi"]
[Date "2023.05.23"]
[Round "3"]
[White "Liu, Yi"]
[Black "Swayams, Mishra"]
[Result "1/2-1/2"]
[WhiteElo "2272"]
[BlackElo "2486"]
[PlyCount "92"]
[EventDate "2023.05.22"]
[EventType "schev"]
[EventRounds "9"]
[EventCountry "VIE"]
[SourceTitle "CBM 214 Extra"]
[Source "ChessBase"]
[SourceDate "2023.07.31"]
[SourceVersion "1"]
[SourceVersionDate "2023.07.31"]
[SourceQuality "1"]

1. e4 e5 2. Nf3 Nc6 3. Bc4 d6 4. d4 Nf6 5. dxe5 dxe5 6. Qxd8+ Nxd8 7. Nxe5 Nxe4 8. 0-0 Nd6 9. Bb3 Be6 10. Re1 Be7 11. Nc3 c6 12. h3 Nf5 13. Ne2 Bxb3 14. axb3 Ne6 15. c3 Nc5 16. b4 Nb3 17. Ra3 Nxc1 18. Nxc1 0-0 19. Nb3 Rfe8 20. Nc4 a6 21. Ra5 Nd6 22. Nb6 Bf8 23. Rae5 Rxe5 24. Rxe5 Rd8 25. g4 f6 26. Re2 Kf7 27. Nc5 Re8 28. Kf1 Be7 29. Ne4 Nxe4 30. Rxe4 Bd8 31. Rxe8 Kxe8 32. Nc4 Kd7 33. Ke2 Ke6 34. f4 g6 35. Ke3 b5 36. Nd2 Bb6+ 37. Kd3 Bc7 38. Ke3 Bb6+ 39. Kd3 Bc7 40. Ke3 a5 41. bxa5 Bxa5 42. Ne4 Bb6+ 43. Kd3 Bc7 44. Ke3 Bb6+ 45. Kd3 Bc7 46. Ke3 Bb6+ 1/2-1/2

[Event "Hanoi GM"]
[Site "Hanoi"]
[Date "2023.05.23"]
[Round "4"]
[White "Tran, Tuan Minh"]
[Black "Liu, Yi"]
[Result "1/2-1/2"]
[WhiteElo "2503"]
[BlackElo "2272"]
[PlyCount "58"]
[EventDate "2023.05.22"]
[EventType "schev"]
[EventRounds "9"]
[EventCountry "VIE"]
[SourceTitle "CBM 214 Extra"]
[Source "ChessBase"]
[SourceDate "2023.07.31"]
[SourceVersion "1"]
[SourceVersionDate "2023.07.31"]
[SourceQuality "1"]

1. c4 e6 2. Nf3 d5 3. e3 c6 4. b3 f5 5. Be2 Nf6 6. 0-0 Bd6 7. d4 Qe7 8. Bb2 Nbd7 9. Qc1 0-0 10. Ba3 e5 11. cxd5 e4 12. Nfd2 cxd5 13. Bxd6 Qxd6 14. Qa3 Ne8 15. f4 Ndf6 16. b4 Bd7 17. Nc3 Nc7 18. Qb2 h6 19. g3 Kh7 20. a4 g5 21. b5 b6 22. Qa3 Qxa3 23. Rxa3 Kg6 24. Rfa1 Kf7 25. Kf2 Ke6 26. Nb3 Kd6 27. Nc1 g4 28. N1a2 h5 29. Nb4 Rh8 1/2-1/2

[Event "Doeberl Cup"]
[Site "Canberra"]
[Date "2023.04.08"]
[Round "6"]
[White "Liu, Yi"]
[Black "Cannon, David"]
[Result "0-1"]
[WhiteElo "2319"]
[BlackElo "2114"]
[PlyCount "76"]
[EventDate "2023.04.06"]
[EventType "swiss"]
[EventRounds "9"]
[EventCountry "AUS"]
[SourceTitle "CBM 213 Extra"]
[Source "ChessBase"]
[SourceDate "2023.05.31"]
[SourceVersion "1"]
[SourceVersionDate "2023.05.31"]
[SourceQuality "1"]

1. d4 Nf6 2. Nf3 g6 3. Nc3 d5 4. Bf4 a6 5. e3 Bg7 6. Ne5 0-0 7. h4 c5 8. dxc5 e6 9. Na4 Nbd7 10. c3 Ne4 11. Nxd7 Bxd7 12. Nb6 Ra7 13. Bb8 Ra8 14. Bf4 Ra7 15. Bb8 Ra8 16. Nxa8 Qxb8 17. Nb6 Bc6 18. Qb3 f5 19. g3 Rf7 20. Qa3 Bf8 21. b4 Bg7 22. Rc1 Nxg3 23. fxg3 Qxg3+ 24. Kd2 d4 25. Rh3 Qf2+ 26. Kd3 dxc3 27. Kc4 Bb5+ 28. Kb3 Bxf1 29. Rh1 Bb5 30. Rce1 Bc6 31. Rhf1 Qxh4 32. Qc1 Qh2 33. Rd1 Rf8 34. Rd6 Be4 35. a3 Re8 36. Nc4 Bd5 37. Rd1 b5 38. cxb6 Qxd6 0-1

[Event "Doeberl Cup"]
[Site "Canberra"]
[Date "2023.04.07"]
[Round "3"]
[White "Shoker, Samy"]
[Black "Liu, Yi"]
[Result "1-0"]
[WhiteElo "2493"]
[BlackElo "2319"]
[PlyCount "149"]
[EventDate "2023.04.06"]
[EventType "swiss"]
[EventRounds "9"]
[EventCountry "AUS"]
[SourceTitle "CBM 213 Extra"]
[Source "ChessBase"]
[SourceDate "2023.05.31"]
[SourceVersion "1"]
[SourceVersionDate "2023.05.31"]
[SourceQuality "1"]

1. Nf3 d5 2. g3 c6 3. Bg2 Nf6 4. c4 dxc4 5. 0-0 Nbd7 6. Na3 Nb6 7. Qc2 Be6 8. Ng5 Bg4 9. Nxc4 Bxe2 10. Ne5 Bh5 11. Re1 h6 12. Ngxf7 Bxf7 13. b4 Qc8 14. Bb2 Nbd5 15. b5 e6 16. bxc6 Bd6 17. cxb7 Qxb7 18. Ng6 Rc8 19. Qd3 Qxb2 20. Nxh8 Qa3 21. Qb5+ Ke7 22. Nxf7 Kxf7 23. Qe2 Re8 24. Bh3 e5 25. Rac1 Bc5 26. Qc4 Bb6 27. Bg2 Qd6 28. a4 Kg8 29. Qc6 Qxc6 30. Rxc6 Nb4 31. Rc3 Bd4 32. Rb3 a5 33. Bh3 e4 34. Kg2 g5 35. Bf5 Re5 36. g4 Nd3 37. Rb8+ Kf7 38. Reb1 Bxf2 39. R1b7+ Re7 40. Bg6+ Ke6 41. Bf5+ Kf7 42. Bg6+ Ke6 43. Bf5+ Kf7 44. Bg6+ Kxg6 45. Rxe7 Bc5 46. Reb7 Nxg4 47. Rc8 Bb4 48. h3 Nf6 49. Rc6 Bxd2 50. Rbb6 Nf4+ 51. Kf1 N4d5 52. Rb5 Ne7 53. Re6 Nf5 54. Rbb6 Bc3 55. Rbc6 Bd4 56. Ra6 e3 57. Rxa5 h5 58. Rd5 Kf7 59. Rxd4 Kxe6 60. Rb4 Ng3+ 61. Kg2 Nd5 62. Rb1 Ne4 63. Re1 Nc5 64. a5 Kf5 65. Kf3 g4+ 66. hxg4+ hxg4+ 67. Kg3 Ne4+ 68. Kg2 Nf4+ 69. Kg1 e2 70. a6 Nd2 71. a7 Nf3+ 72. Kf2 Nd3+ 73. Kxe2 Ndxe1 74. a8Q Ng2 75. Qc8+ 1-0

[Event "Titled Tuesday intern op 14th Mar Late"]
[Site "Chess.com INT"]
[Date "2023.03.14"]
[Round "2"]
[White "Liu, Yi"]
[Black "Pakleza, Zbigniew"]
[Result "0-1"]
[WhiteElo "2319"]
[BlackElo "2492"]
[PlyCount "66"]
[EventDate "2023.03.14"]
[EventType "swiss (blitz)"]
[EventRounds "11"]
[EventCountry "USA"]
[SourceTitle "EXT 2024"]
[Source "ChessBase"]
[SourceDate "2023.10.10"]
[SourceVersion "1"]
[SourceVersionDate "2023.10.10"]
[SourceQuality "1"]

1. e4 d6 2. d4 Nf6 3. Nc3 c6 4. Nf3 Bg4 5. Be3 e6 6. Be2 d5 7. e5 Nfd7 8. 0-0 c5 9. h3 Bxf3 10. Bxf3 Nc6 11. Re1 cxd4 12. Bxd4 Nxd4 13. Qxd4 Bc5 14. Qa4 0-0 15. Rad1 Nb6 16. Qb5 Rc8 17. Na4 Bxf2+ 18. Kxf2 Qh4+ 19. Kg1 Qxa4 20. Qb3 Rxc2 21. Qxa4 Nxa4 22. b3 Nb6 23. a4 Rfc8 24. Rb1 g6 25. Be2 Kg7 26. Bd3 Rd2 27. Bb5 Rcc2 28. Bf1 h5 29. Kh1 Nd7 30. Kg1 Nc5 31. Kh1 Ne4 32. Red1 Rxd1 33. Rxd1 Nf2+ 0-1

[Event "Titled Tuesday intern op 7th Mar Early"]
[Site "Chess.com INT"]
[Date "2023.03.07"]
[Round "3"]
[White "Liu, Yi"]
[Black "Bastos Seixas, Pedro Lucas"]
[Result "1-0"]
[WhiteElo "2319"]
[BlackElo "2072"]
[PlyCount "51"]
[EventDate "2023.03.07"]
[EventType "swiss (blitz)"]
[EventRounds "11"]
[EventCountry "USA"]
[SourceTitle "EXT 2024"]
[Source "ChessBase"]
[SourceDate "2023.10.10"]
[SourceVersion "1"]
[SourceVersionDate "2023.10.10"]
[SourceQuality "1"]

1. e4 c5 2. Nf3 d6 3. d4 cxd4 4. Nxd4 Nf6 5. Nc3 g6 6. Be3 Bg7 7. f3 0-0 8. Qd2 Nc6 9. 0-0-0 Bd7 10. g4 Qa5 11. Nb3 Qc7 12. h4 a5 13. h5 a4 14. Nd4 a3 15. b3 Ne5 16. hxg6 fxg6 17. Be2 b5 18. Ncxb5 Bxb5 19. Nxb5 Qb7 20. Bh6 Bxh6 21. Qxh6 Nxf3 22. Bxf3 Qxb5 23. g5 Qe5 24. gxf6 Qb2+ 25. Kd2 Qd4+ 26. Ke2 1-0